Linked data evolving the web into a global data space (Record no. 11678)

000 -LEADER
fixed length control field 00352nam a22001457a 4500
022 ## - INTERNATIONAL STANDARD SERIAL NUMBER
International Standard Serial Number 9781608454303
082 ## - DEWEY DECIMAL CLASSIFICATION NUMBER
Classification number 025.04 HEA
100 ## - MAIN ENTRY--PERSONAL NAME
Personal name Heath, Tom
245 ## - TITLE STATEMENT
Title Linked data evolving the web into a global data space
260 ## - PUBLICATION, DISTRIBUTION, ETC.
Name of publisher, distributor, etc. Morgan & Claypool
Date of publication, distribution, etc. 2011
300 ## - PHYSICAL DESCRIPTION
Extent 122p. :
Accompanying material 25 cm
650 ## - SUBJECT ADDED ENTRY--TOPICAL TERM
Topical term or geographic name entry element Semantic Web
700 ## - ADDED ENTRY--PERSONAL NAME
Personal name Tom Heath
942 ## - ADDED ENTRY ELEMENTS (KOHA)
Koha item type Book
Holdings
Withdrawn status Lost status Damaged status Not for loan Collection code Permanent Location Current Location Shelving location Date acquired Source of acquisition Cost, normal purchase price Total Checkouts Total Renewals Full call number Barcode Date last seen Date last checked out Price effective from Koha item type
          Central Library (CL) Central Library (CL) First Floor - Journalism 04/02/2013 Eagle Information Marketing 3437.15 1 1 025.04 HEA SEECS012158 09/09/2014 01/20/2014 04/03/2013 Book
© 2023 Central Library, National University of Sciences and Technology. All Rights Reserved.